Cigarettes... or Alcohol? - Statistics

General Stats
  • This quiz has been taken 391 times
  • The average score is 8 of 10
Answer Stats
Question Answer % Correct
Has a higher public awareness about associated cancer risks Cigarettes
98%
Is more likely to make someone aggressive Alcohol
96%
Can become addictive Both
96%
Is often banned whilst driving Alcohol
86%
Is aimed to be eliminated in New Zealand Cigarettes
81%
Can cause physical second hand effects on people nearby Cigarettes
78%
Is more popular in Europe Alcohol
70%
Has been tried by more children under the age of 14 in the United Kingdom Alcohol
56%
Kills more people worldwide Cigarettes
46%
Is a stimulant drug Nicotine
46%
No matching quizzes found
Score Distribution
Percent of People with Each Score
Percentile by Number Answered
Your Score History
You have not taken this quiz